期刊信息 |
| 索取号 |
F11/WTOJ
|
| 题名 |
WTO经济导刊
|
| 作者 |
WTO经济导刊杂志社
|
| 分册号 |
|
| 分册名 |
|
| 出版地 |
北京
|
| 出版者 |
WTO经济导刊杂志社
|
| 标准刊号 |
1672-1160
|
| 出版频率 |
月刊
|
| 中图法分类 |
F11
|
| 主题词 |
经济 世界; 国际经济关系
|
| 电子资源 | |
| |
|
| 000 | 00636nas0 2200229 45 | |
| 001 | 0552754062 | |
| 005 | 20070506152916.92 | |
| 010 | @d15 | |
| 011 | @a1672-1160@dCNY15.00(2005) | |
| 091 | @aCN11-4977/F | |
| 092 | @b82-520 | |
| 100 | @a20051129d km y0chiy0120 ea | |
| 101 | 0 | @achi |
| 200 | 1 | @aWTO经济导刊@AWTO Jing Ji Dao Kan@fWTO经济导刊杂志社@FWTO Jing Ji Dao Kan Za Zhi She |
| 210 | @a北京@cWTO经济导刊杂志社 | |
| 326 | @a月刊 | |
| 606 | 0 | @a经济@x世界 |
| 606 | 0 | @a国际经济关系 |
| 690 | @aF11@v4 | |
| 701 | 0 | @aWTO经济导刊杂志社@AWTO Jing Ji Dao Kan Za Zhi She |
| 801 | 0 | @aCN@bPFT@c20070506 |
| 905 | @aTJWY@dF11@eWTOJ | |
| WTO经济导刊/WTO经济导刊杂志社.-北京:WTO经济导刊杂志社 |
| 15 ISSN 1672-1160:CNY15.00(2005) |
| ● |
| 相关链接: |
|
|
|
|